000 00673nam a2200217Ia 4500
005 20230609130603.0
008 131103s9999 xx 000 0 und d
020 _a710004958
_c9.95 pds
040 _aLoreto College
041 _aEnglish
082 _a932
_bHOF
100 _aHoffman,Michael A.
245 _aEgypt before the pharaohs
_b the prehistoric foundations of Egyptian civilization
_cMichael A.Hoffman
260 _aLondon
_bRoutledge & Kegan Paul
_c1980
300 _axxi,391 p.
_b ill.,tables
504 _aIncludes bibliographical references and index
650 _aAncient History
651 _aEgypt - Ancient History
850 _aLCLIB
942 _cBK
999 _c8623
_d59102